[Event "FRA-chT2 0910"]
[Site "France"]
[Date "2009.10.17"]
[Round "2.8"]
[White "Robert, Diane"]
[Black "Bollet, Marie Ange"]
[Result "1-0"]
[WhiteElo "1630"]
[BlackElo "1499"]
[PlyCount "95"]
[EventDate "2009.09.27"]
[EventType "team-tourn"]
[EventRounds "11"]
[EventCountry "FRA"]
[SourceTitle "EXT 2011"]
[Source "ChessBase"]
[SourceDate "2010.11.26"]
[SourceVersion "1"]
[SourceVersionDate "2010.11.26"]
[SourceQuality "1"]

1. e4 e5 2. Nf3 Nc6 3. Bc4 Bc5 4. d3 h6 5. 0-0 d6 6. c3 Bg4 7. Be3 Bb6 8. Nbd2 Nf6 9. Qc2 Na5 10. Bb5+ Bd7 11. a4 Bxe3 12. fxe3 0-0 13. d4 Ng4 14. Rae1 c6 15. Bd3 b6 16. b4 Nb7 17. Nc4 Qe7 18. h3 b5 19. axb5 cxb5 20. Na3 Nf6 21. Nxb5 Rfc8 22. Rc1 Qe8 23. Na3 Nh5 24. Qf2 a5 25. b5 Qf8 26. Kh2 d5 27. Qb2 Qd6 28. dxe5 Qg6 29. Qf2 Nc5 30. Nh4 Nxd3 31. Nxg6 Nxf2 32. Ne7+ Kh7 33. Nxc8 Rxc8 34. Rxf2 dxe4 35. Rxf7 Be8 36. Rf8 g6 37. b6 Kg7 38. Rf2 Kh7 39. b7 Rb8 40. Rb1 Ng7 41. Rf6 Nf5 42. Ra6 Nxe3 43. Ra8 Bf7 44. Rxb8 Bd5 45. Rd8 h5 46. b8Q Nf5 47. Rh8+ Kg7 48. Qf8# 1-0